| 000 | 00365nam a2200145Ia 4500 | ||
|---|---|---|---|
| 008 | 210210b1988 xxu||||| |||| 00| 0 eng d | ||
| 020 | _a81 7054 046 1 | ||
| 082 | _a823.009 DHAC | ||
| 100 | _aDHAWAN (R K). | ||
| 245 | _aCommonwealth fiction.2 | ||
| 260 |
_aN D _bClassical Publishing Co., _c1988 |
||
| 300 | _a272 | ||
| 690 | _aEnglish Criticism | ||
| 906 | _a043664 | ||
| 999 |
_c93328 _d93328 |
||